Curso de Derecho Comercial.

Tallennettuna:
Bibliografiset tiedot
Päätekijä: Jequier Lehuedé, Eduardo Teodoro (autor)
Aineistotyyppi: Kirja
Kieli:espanja
Julkaistu: Santiago, Chile: Legal Publishing Thomson Reuters, 2013-2019.
Sarja:Colección Tratados y Manuales
Aiheet:
Linkit:Disponible Online - Tomo II Vol.2 pp. 52-99 / 237-316 / 374-390
Tagit: Lisää tagi
Ei tageja, Lisää ensimmäinen tagi!

MARC

LEADER 00000cam a2200000 a 4500
001 UCE0292
003 CL-VaPUC
005 20230728154556.0
008 140109e20130300cl |||||||||||||||||spa|d
999 |c 354492  |d 354490 
020 |a 978-956-346-501-3 (o.c.) 
024 |a 978-956-400-022-0 (t.III v.1) 
040 |c Pontificia Universidad Católica de Valparaíso 
082 0 4 |a 346.8307 JEQ 2013  |2 21 
100 |a Jequier Lehuedé, Eduardo Teodoro  |e autor  |9 739387 
245 1 0 |a Curso de Derecho Comercial. 
260 |a Santiago, Chile:  |b Legal Publishing   |b Thomson Reuters,  |c 2013-2019. 
300 |a  3 tomos  
440 |a Colección Tratados y Manuales  |9 856339 
505 |a Tomo I Introducción al Derecho Comercial Teoría de los Actos de Comercio Estatuto Jurídico del Comercio y Auxiliares del Comercio 
505 |a Tomo II Vol.I Sociedades. 
505 |a Tomo II Vol.II Sociedad Anónima Sociedad anónima de garantia reciproca Sociedad por acciones Grupos Empresariales. 
505 |a Tomo III Vol.I Derecho Concursal. 
583 |a last modification  |c 20190722 01:36:15  |k Rodrigo Vera 
650 0 |a Derecho comercial   |9 256340 
650 0 |a Comercio  |9 255341 
650 0 |a Sociedades anónimas  |9 255387 
650 0 |a Comerciantes  |9 267878 
650 0 |a Derecho concursal   |9 374010 
852 |a BIBDER 
856 |u http://bibliografiadigital.pucv.cl.pucv.idm.oclc.org/index.php/bibliotecapucv/catalog/book/640  |y Disponible Online - Tomo II Vol.2 pp. 52-99 / 237-316 / 374-390 
942 |c BK  |2 ddc 
945 |d 20140109 11:50:00  |a dcastane 
952 |0 0  |1 0  |3 erb  |4 0  |6 346_830700000000000_JEQ_2013  |7 0  |8 A  |9 460401  |a BIBDER  |b BIBDER  |h t.1  |i 5047048  |l 1  |m 5  |o 346.8307 JEQ 2013  |p 5047048  |q 2025-12-31  |r 2020-03-04  |s 2020-03-04  |w 2019-11-23  |y BK  |z Catalogado en:20140109  |k DER 
952 |0 0  |1 0  |3 erb  |4 0  |6 346_830700000000000_JEQ_2013  |7 0  |8 A  |9 460402  |a BIBDER  |b BIBDER  |h t.2 v.1  |i 5093589  |l 1  |m 5  |o 346.8307 JEQ 2013  |p 5093589  |q 2025-12-31  |r 2020-03-04  |s 2020-03-04  |w 2019-11-23  |y BK  |z Catalogado en:20140821  |k DER 
952 |0 0  |1 0  |3 erb  |4 0  |6 346_830700000000000_JEQ_2013  |7 0  |8 A  |9 460403  |a BIBGIM  |b BIBGIM  |h t.1  |i 5121000  |l 6  |m 2  |o 346.8307 JEQ 2013  |p 5121000  |r 2025-05-05  |s 2025-04-21  |w 2019-11-23  |y BK  |z Catalogado en:20141023  |k COM 
952 |0 0  |1 0  |3 erb  |4 0  |6 346_830700000000000_JEQ_2013  |7 0  |8 A  |9 460404  |a BIBGIM  |b BIBGIM  |h t.1  |i 5121019  |o 346.8307 JEQ 2013  |p 5121019  |r 2025-01-15  |w 2019-11-23  |y BK  |z Catalogado en:20141023  |k COM 
952 |0 0  |1 0  |3 erb  |4 0  |6 346_830700000000000_JEQ_2013  |7 0  |8 A  |9 460405  |a BIBGIM  |b BIBGIM  |h t.1  |i 5121027  |l 1  |o 346.8307 JEQ 2013  |p 5121027  |r 2025-01-15  |s 2022-04-18  |w 2019-11-23  |y BK  |z Catalogado en:20141023  |k COM 
952 |0 0  |1 0  |3 erb  |4 0  |6 346_830700000000000_JEQ_2013  |7 0  |8 A  |9 460406  |a BIBGIM  |b BIBGIM  |h t.1  |i 5121035  |o 346.8307 JEQ 2013  |p 5121035  |r 2025-01-15  |w 2019-11-23  |y BK  |z Catalogado en:20141023  |k COM 
952 |0 0  |1 0  |3 erb  |4 0  |6 346_830700000000000_JEQ_2013  |7 0  |8 A  |9 460407  |a BIBGIM  |b BIBGIM  |h t.1  |i 5121043  |l 2  |o 346.8307 JEQ 2013  |p 5121043  |r 2025-01-15  |s 2022-04-18  |w 2019-11-23  |y BK  |z Catalogado en:20141023  |k COM 
952 |0 0  |1 0  |3 erb  |4 0  |6 346_830700000000000_JEQ_2013  |7 0  |8 A  |9 460408  |a BIBGIM  |b BIBGIM  |h t.2 v.1  |i 5121051  |l 1  |o 346.8307 JEQ 2013  |p 5121051  |r 2025-01-15  |s 2020-03-05  |w 2019-11-23  |y BK  |z Catalogado en:20141023  |k COM 
952 |0 0  |1 0  |3 erb  |4 0  |6 346_830700000000000_JEQ_2013  |7 0  |8 A  |9 460409  |a BIBGIM  |b BIBGIM  |h t.2 v.1  |i 512106K  |o 346.8307 JEQ 2013  |p 512106K  |r 2025-01-15  |w 2019-11-23  |y BK  |z Catalogado en:20141023  |k COM 
952 |0 0  |1 0  |3 erb  |4 0  |6 346_830700000000000_JEQ_2013  |7 0  |8 A  |9 460410  |a BIBGIM  |b BIBGIM  |h t.2 v.1  |i 5121078  |l 1  |o 346.8307 JEQ 2013  |p 5121078  |r 2025-01-15  |s 2023-06-07  |w 2019-11-23  |y BK  |z Catalogado en:20141023  |k COM 
952 |0 0  |1 0  |3 erb  |4 0  |6 346_830700000000000_JEQ_2013  |7 0  |8 A  |9 460411  |a BIBGIM  |b BIBGIM  |h t.2 v.1  |i 5121086  |o 346.8307 JEQ 2013  |p 5121086  |r 2025-01-15  |w 2019-11-23  |y BK  |z Catalogado en:20141023  |k COM 
952 |0 0  |1 0  |3 erb  |4 0  |6 346_830700000000000_JEQ_2013  |7 0  |8 A  |9 460412  |a BIBGIM  |b BIBGIM  |h t.2 v.1  |i 5121094  |o 346.8307 JEQ 2013  |p 5121094  |r 2025-01-15  |w 2019-11-23  |y BK  |z Catalogado en:20141023  |k COM 
952 |0 0  |1 0  |3 erb  |4 0  |6 346_830700000000000_JEQ_2013  |7 0  |8 A  |9 460413  |a BIBDER  |b BIBDER  |h t.2 v.2  |i 536065K  |l 37  |m 3  |o 346.8307 JEQ 2013  |p 536065K  |q 2025-05-07  |r 2025-04-07  |s 2025-04-07  |w 2019-11-23  |y BK  |z Catalogado en:20170119  |k DER 
952 |0 0  |1 0  |2 ddc  |3 erb  |4 0  |6 346_830700000000000_JEQ_2013  |7 0  |8 A  |9 460414  |a BIBDER  |b BIBDER  |h t.III v.1  |i 5539501  |l 9  |m 1  |o 346.8307 JEQ 2013  |p 5539501  |r 2025-04-09  |s 2025-04-09  |w 2019-11-23  |y BK  |z Catalogado en:20190329  |k DER